| 000 -LEADER |
| fixed length control field |
01818cam a22003254a 4500 |
| 001 - CONTROL NUMBER |
| control field |
15946416 |
| 005 - DATE AND TIME OF LATEST TRANSACTION |
| control field |
20170105102852.0 |
| 008 - FIXED-LENGTH DATA ELEMENTS--GENERAL INFORMATION |
| fixed length control field |
091015s2009 nyu b 001 0 eng |
| 010 ## - LIBRARY OF CONGRESS CONTROL NUMBER |
| LC control number |
2009043401 |
| 020 ## - INTERNATIONAL STANDARD BOOK NUMBER |
| International Standard Book Number |
9780230229365 (hardback) |
| 040 ## - CATALOGING SOURCE |
| Original cataloging agency |
DLC |
| Transcribing agency |
DLC |
| 043 ## - GEOGRAPHIC AREA CODE |
| Geographic area code |
e-uk-en |
| 050 00 - LIBRARY OF CONGRESS CALL NUMBER |
| Classification number |
PN2594 |
| Item number |
.R53 2009 |
| 100 1# - MAIN ENTRY--PERSONAL NAME |
| Personal name |
Richards, Jeffrey. |
| 245 14 - TITLE STATEMENT |
| Title |
The ancient world on the Victorian and Edwardian stage / |
| Statement of responsibility, etc. |
Jeffrey Richards. |
| 260 ## - PUBLICATION, DISTRIBUTION, ETC. |
| Place of publication, distribution, etc. |
New York : |
| Name of publisher, distributor, etc. |
Palgrave Macmillan, |
| Date of publication, distribution, etc. |
2009. |
| 300 ## - PHYSICAL DESCRIPTION |
| Extent |
xi, 267 p. ; |
| Dimensions |
23 cm. |
| 504 ## - BIBLIOGRAPHY, ETC. NOTE |
| Bibliography, etc. note |
Includes bibliographical references and index. |
| 505 0# - FORMATTED CONTENTS NOTE |
| Formatted contents note |
The Victorians and the ancient world -- The early Victorian actor-managers and the ancient world -- Living Greek statues -- Wilson Barrett's ancient world -- Irving's ancient world -- Tree's ancient world -- The toga play : climax and decline. |
| 520 ## - SUMMARY, ETC. |
| Summary, etc. |
"The first study of the depictions of the Ancient World on the Victorian and Edwardian stage, this book analyzes plays set in and dramatising the histories of Greece, Rome, Egypt, Babylon and the Holy Land. In doing so, it seeks to locate theatre within the wider culture, tracing its links and interaction with other cultural forms"--Provided by publisher. |
| 650 #0 - SUBJECT ADDED ENTRY--TOPICAL TERM |
| Topical term or geographic name entry element |
Theatrical companies |
| Geographic subdivision |
England |
| General subdivision |
History |
| Chronological subdivision |
19th century. |
| 650 #0 - SUBJECT ADDED ENTRY--TOPICAL TERM |
| Topical term or geographic name entry element |
Theater |
| General subdivision |
Production and direction |
| Geographic subdivision |
England |
| General subdivision |
History |
| Chronological subdivision |
19th century. |
| 650 #0 - SUBJECT ADDED ENTRY--TOPICAL TERM |
| Topical term or geographic name entry element |
Historical drama, English |
| General subdivision |
History and criticism. |
| 650 #0 - SUBJECT ADDED ENTRY--TOPICAL TERM |
| Topical term or geographic name entry element |
English drama |
| Chronological subdivision |
19th century |
| General subdivision |
History and criticism. |
| 650 #0 - SUBJECT ADDED ENTRY--TOPICAL TERM |
| Topical term or geographic name entry element |
Civilization, Classical, in literature. |
| 650 #0 - SUBJECT ADDED ENTRY--TOPICAL TERM |
| Topical term or geographic name entry element |
Classicism |
| Geographic subdivision |
England |
| General subdivision |
History |
| Chronological subdivision |
19th century. |
| 906 ## - LOCAL DATA ELEMENT F, LDF (RLIN) |
| a |
7 |
| b |
cbc |
| c |
orignew |
| d |
1 |
| e |
ecip |
| f |
20 |
| g |
y-gencatlg |
| 942 ## - ADDED ENTRY ELEMENTS (KOHA) |
| Source of classification or shelving scheme |
|
| Koha item type |
Book |